Tärkeimmät tieteellisen luokittelun taksonomiset tasot - Statistics

Yleistilastot
  • Tätä visaa on pelattu 224 kertaa
  • Keskiarvotulos 5 / 8
Vastaustilastot
Esimerkki Taso % Oikein
Sapiens Laji
95%
Ihmiset Suku
68%
Isot ihmisapinat Heimo
66%
Eläinkunta Kunta
61%
Kädelliset Lahko
59%
Nisäkkäät Luokka
58%
Aitotumaiset Domeeni
44%
Selkäjänteiset Pääjakso / kaari
40%
Ehtoja vastaavia visoja ei löytynyt
Tulosjakauma
Jokaisen tuloksen saaneiden osuus
Persentiili vastausten määrän mukaan
Tuloshistoriasi
Et ole pelannut tätä visaa